000 00750nam a22002177a 4500
005 20240530110921.0
008 220221s2005 ua a g b 000 0 ara d
017 _a2005/5890
040 _aEG-CaGPL
_cEG-CaGPL
082 0 4 _221
_a811.09 \
_bع ب
100 0 _aعبدالله محمد باشرا حيل
245 1 0 _aبماذا تتنبا يا صديقى /
_cعبدالله محمد باشرا حيل
250 _aط.2
260 _aالقاهرة :
_bوكالة الاهرام للتوزيع ،
_c2005
300 _a81 ص؛
_c20 سم
650 0 7 _aالشعر العربى
_zالسعودية
650 0 7 _aالادب السعودى
650 0 7 _aالادب العربي
942 _2ddc
_cBK
999 _c66483
_d66483